000 00449nam a2200121Ia 4500
008 220620s9999||||xx |||||||||||||| ||und||
100 _aBastias Saavedra, Manuel
245 0 _aNorms beyond Empire
_bLaw-Making and Local Normativities in Iberian Asia, 1500-1800
546 _aEnglish[eng]
650 _aJurisprudence & general issues||Legal history
856 _uhttps://library.oapen.org/bitstream/20.500.12657/53841/1/9789004472839.pdf
942 _cEB
999 _c25233
_d25233